000 00313nam a22001457a 4500
020 _a81-85226-72-5
082 _a894.812.3
_bRAM/P
100 _aRAMACHANDRAN NAIR,PANMANA
245 _aPOONTHEN
250 _aFIRST
260 _aKOTTAYAM
_bKAIRALI
_c1979
300 _a64
650 _aSTORY
_zKERALA
942 _cBK
999 _c1661
_d1661